| 000 | 00599nam a2200205Ia 4500 | ||
|---|---|---|---|
| 001 | 4912 | ||
| 003 | GE_BSU | ||
| 008 | 181216s||||||||xx |||||||||||||| ||und|| | ||
| 040 | _cGE_BSU | ||
| 080 | _a512 | ||
| 100 | _aБиркгоф, Г., Барти, Т. | ||
| 245 | _aСовременная прикладная алгебра. | ||
| 245 | _cПеревод с английского Ю. И. Манина. | ||
| 260 | _aМосква. | ||
| 260 | _bМир. | ||
| 260 | _c1976 | ||
| 300 | _a370стр.22см. | ||
| 653 | _aСовременная прикладная алгебра. | ||
| 942 | _cBK | ||
| 999 |
_c38673 _d38673 |
||